00675nam a2200145 a 450000100100000000500170001000800410002704000250006824501650009326000440025830000280030270000770033095201050040799900170051200003361520200930070404.0110901s1823 sp a 000 0 spa d aDO-SdBNPbspacBNPHU00aCodice diplomatico Colombo-Americano, olsia Raccolta di documenti originali e inediti, spettanti a Cristoforo Colombo alla scoperta ed al Governo dell' America. aGénova :bFonderia ponthenier,c1823. a348 p. :bil. ;c27 cm.1 aPubblicato per ordine degl' Ill. Decurioni della citta di Genova.959092 001050718MOaPDbPDcCTd2011-09-01iLF1l0o p33615-10r2020-06-25w2020-06-25y1ZNo se presta c33106d33106